01006nam a22001817a 4500008004100000020001800041050002100059100003700080245011600117260004000233300004100273500003500314504003200349505035200381650002800733650002400761700003900785170403s2017 mx a|||| |||| 00| 0 spa d a9789587780376 aHF5693bT87 2017 aTrujillo Navarrete, Jorgeeautor aMatemáticas financieras y decisiones de inversión b / Jorge Trujillo Navarrete, Óscar Martínez Herrera aMéxico b : Alfaomega c, 2017  axxi, 294 páginasb : ilustraciones aIncluye: glosario (pp.285-287) aBibliografía (pp.293-294) aHerramientas par el manejo de excel 2013 El concepto de interés simple y compuesto Interés compuesto con diferentes tasas de interés Tasas de interés Anualidades y series uniformes Cuota variable El costo promedio ponderado de capital como tasa de descuento Evaluación financiera de alternativas de inversión Valoración de empresas 10aMATEMATICAS FINANCIERAS20aOPCIONES (FINANZAS) aMartínez Herrera, Óscareautor